000 00725nam a22002417a 4500
001 90853
003 UA-OsUOA
005 20210621223500.0
007 ta
008 20121120b un ||||| |||| 00| 0 ukr d
040 _aUA-OsUOA
_bukr
_cUA-OsUOA
_dUA-OsUOA
041 _aukr
080 _a821.161.2
090 _a821.161.2
_bП18
100 _aПарфанович С.
245 _aЛюблю Діброву
_bнариси і оповідання
260 _aДітройт
_bВидання автора
_c1959
300 _a128 с.
650 7 _a82 Література. Літературознавство
_2UDC
942 _cBK
_2udc
955 _a3
999 _c377130
_d377130